000 00742nam a2200205Ii 4500
003 JO-AjNU
008 230605s9999||||xx |||||||||||||| ||und||
040 _aJO-AjNU
_bara
_erda
_cJO-AjNU
041 _aara
050 1 4 _aBP189.7.S5.H87 1997
100 3 _aالحسينية، فاطمة اليشرطية ؛ إشراف وتصدير أحمد اليشرطي,
_eauthor
_940816
245 0 0 _aمسيرتي في طريق الحق : أثر التصوف في حياتي
250 _aط2
264 3 1 _aد.م: د.ن، 1997
300 _a365ص
336 _atext
_btxt
_2rdacontent
337 _aunmediated
_bn
_2rdamedia
338 _avolume
_bnc
_2rdacarrier
650 4 _aالمتصوفون- تراجم- الشاذلية- طرق صوفية
_940817
999 _aA17352
_c20920
_d20920